[Event "Vimercate op"]
[Site "Vimercate"]
[Date "2018.11.25"]
[Round "4"]
[White "Gagliardi, Christian"]
[Black "Vezzosi, Paolo"]
[Result "1/2-1/2"]
[WhiteElo "2171"]
[BlackElo "2299"]
[PlyCount "49"]
[EventDate "2018.11.23"]
[EventType "swiss"]
[EventRounds "5"]
[EventCountry "ITA"]
[SourceTitle "CBM 187 Extra"]
[Source "ChessBase"]
[SourceDate "2018.11.04"]
[SourceVersion "1"]
[SourceVersionDate "2018.11.04"]
[SourceQuality "1"]

1. e4 c5 2. Nc3 g6 3. f4 Bg7 4. Nf3 e6 5. d4 cxd4 6. Nb5 Nc6 7. Nd6+ Kf8 8. Bd3 Qa5+ 9. Bd2 Qc5 10. e5 f5 11. a3 Nh6 12. b4 Qb6 13. b5 Ne7 14. Bb4 Ng4 15. Nc4 Qxb5 16. h3 Nh6 17. Nxd4 Qd5 18. Nf3 Nf7 19. Qe2 Bh6 20. 0-0 b5 21. Na5 Rb8 22. Rad1 Qa8 23. Qe3 Ke8 24. c4 Bb7 25. Nxb7 1/2-1/2

[Event "Vimercate op"]
[Site "Vimercate"]
[Date "2018.11.24"]
[Round "3"]
[White "Lazic, Miroljub"]
[Black "Gagliardi, Christian"]
[Result "1-0"]
[WhiteElo "2458"]
[BlackElo "2171"]
[PlyCount "51"]
[EventDate "2018.11.23"]
[EventType "swiss"]
[EventRounds "5"]
[EventCountry "ITA"]
[SourceTitle "CBM 187 Extra"]
[Source "ChessBase"]
[SourceDate "2018.11.04"]
[SourceVersion "1"]
[SourceVersionDate "2018.11.04"]
[SourceQuality "1"]

1. d4 Nf6 2. g3 g6 3. Bg2 d5 4. Nf3 Bg7 5. c4 c6 6. b3 0-0 7. 0-0 dxc4 8. bxc4 c5 9. Bb2 cxd4 10. Nxd4 Nbd7 11. Nd2 Nc5 12. N2b3 Nfd7 13. Ba3 Qc7 14. Nb5 Qe5 15. Rc1 a6 16. Nc3 Nxb3 17. Qxb3 Nf6 18. e4 b5 19. Nd5 Nxd5 20. exd5 bxc4 21. Qxc4 Ra7 22. Rfe1 Qg5 23. h4 Qf6 24. Qc5 Rb7 25. d6 exd6 26. Qxc8 1-0

[Event "Pardubice Czech op-A 29th"]
[Site "Pardubice"]
[Date "2018.07.27"]
[Round "8"]
[White "Gagliardi, Christian"]
[Black "Fataliyeva, Ulviyya Hasil Qizi"]
[Result "0-1"]
[WhiteElo "2190"]
[BlackElo "2344"]
[PlyCount "84"]
[EventDate "2018.07.20"]
[EventType "swiss"]
[EventRounds "9"]
[EventCountry "CZE"]
[SourceTitle "CBM 185 Extra"]
[Source "ChessBase"]
[SourceDate "2018.07.29"]
[SourceVersion "1"]
[SourceVersionDate "2018.07.29"]
[SourceQuality "1"]

1. d4 e6 2. Bf4 d5 3. e3 Nf6 4. Nf3 c5 5. c3 Nc6 6. Nbd2 Bd6 7. Bxd6 Qxd6 8. Bb5 0-0 9. 0-0 Ne7 10. Ne5 Qb6 11. Qb3 c4 12. Qb4 Nf5 13. Ba4 Qc7 14. Bc2 Nd6 15. a4 a5 16. Qa3 Nd7 17. Nxd7 Bxd7 18. e4 dxe4 19. Nxe4 Nxe4 20. Bxe4 Rab8 21. Rfe1 Rfe8 22. Bf3 b5 23. axb5 Rxb5 24. g3 Reb8 25. Re3 Rf5 26. Be4 Rfb5 27. Bf3 Bc6 28. Bxc6 Qxc6 29. Qa4 Qa8 30. Ree1 h5 31. h4 Rxb2 32. Qxa5 Qf3 33. Rf1 Rc2 34. Rac1 Rbb2 35. Rxc2 Rxc2 36. Qa4 Rxc3 37. Qd1 Qd5 38. Re1 Rd3 39. Qa4 Qxd4 40. Qe8+ Kh7 41. Qxf7 Rxg3+ 42. Kh2 Qxh4# 0-1

[Event "Pardubice Czech op-A 29th"]
[Site "Pardubice"]
[Date "2018.07.22"]
[Round "3"]
[White "Cerveny, Petr"]
[Black "Gagliardi, Christian"]
[Result "1-0"]
[WhiteElo "2319"]
[BlackElo "2190"]
[PlyCount "53"]
[EventDate "2018.07.20"]
[EventType "swiss"]
[EventRounds "9"]
[EventCountry "CZE"]
[SourceTitle "CBM 185 Extra"]
[Source "ChessBase"]
[SourceDate "2018.07.29"]
[SourceVersion "1"]
[SourceVersionDate "2018.07.29"]
[SourceQuality "1"]

1. e4 c5 2. Nf3 g6 3. Bc4 Bg7 4. c3 e6 5. d4 cxd4 6. Nxd4 a6 7. Be3 Nc6 8. Nxc6 bxc6 9. Qd6 Qe7 10. Bc5 Bf8 11. Qd4 Qxc5 12. Qxh8 Qxc4 13. Nd2 Qb5 14. c4 Qb7 15. Qxg8 Qxb2 16. Rb1 Qc3 17. h4 d5 18. Rh3 Qe5 19. Rf3 Ra7 20. Rfb3 Ra8 21. Rf3 Ra7 22. Rfb3 Ra8 23. cxd5 cxd5 24. Nf3 Qxe4+ 25. Kf1 Qf4 26. Ng5 Ke7 27. Rf3 1-0

[Event "Milan Befana op"]
[Site "Milan"]
[Date "2014.01.05"]
[Round "5"]
[White "Gagliardi, Christian"]
[Black "Astengo, Corrado"]
[Result "1-0"]
[WhiteElo "2198"]
[BlackElo "2111"]
[PlyCount "55"]
[EventDate "2014.01.02"]
[EventType "swiss"]
[EventRounds "7"]
[EventCountry "ITA"]
[SourceTitle "EXT 2015"]
[Source "ChessBase"]
[SourceDate "2014.11.20"]
[SourceVersion "1"]
[SourceVersionDate "2014.11.20"]
[SourceQuality "1"]

1. d4 d5 2. Bf4 Nf6 3. e3 g6 4. Nf3 Bg7 5. Be2 0-0 6. h3 c5 7. c3 Nc6 8. Nbd2 Nd7 9. 0-0 e5 10. dxe5 Ndxe5 11. Nxe5 Nxe5 12. Nf3 Nc6 13. Qb3 Qb6 14. Rfd1 Qxb3 15. axb3 Rd8 16. Bc7 Re8 17. Rxd5 Be6 18. Rxc5 a6 19. Nd4 Nxd4 20. cxd4 Bxb3 21. Bf3 Re7 22. Rac1 Ra7 23. Bb8 Ra8 24. Rc8+ Bf8 25. Bd6 Re8 26. Rxa8 Rxa8 27. Bxf8 Kxf8 28. Bxb7 1-0

[Event "Milan Befana op"]
[Site "Milan"]
[Date "2014.01.02"]
[Round "1"]
[White "Gagliardi, Christian"]
[Black "Bemporad, Filippo"]
[Result "1-0"]
[WhiteElo "2198"]
[BlackElo "2060"]
[PlyCount "91"]
[EventDate "2014.01.02"]
[EventType "swiss"]
[EventRounds "7"]
[EventCountry "ITA"]
[SourceTitle "EXT 2015"]
[Source "ChessBase"]
[SourceDate "2014.11.20"]
[SourceVersion "1"]
[SourceVersionDate "2014.11.20"]
[SourceQuality "1"]

1. d4 Nf6 2. Bf4 b6 3. e3 Bb7 4. Nf3 g6 5. Be2 Bg7 6. h3 0-0 7. 0-0 d6 8. Nbd2 Nbd7 9. c3 Ne4 10. Nxe4 Bxe4 11. Nd2 Bb7 12. Bh2 c5 13. Re1 Rc8 14. a4 a6 15. Qb3 Nb8 16. Bf1 Qc7 17. Rad1 Nd7 18. d5 Rb8 19. e4 b5 20. axb5 axb5 21. Ra1 b4 22. cxb4 cxb4 23. Nc4 Nc5 24. Qe3 Nd7 25. Rec1 Qd8 26. Ra7 Ba8 27. b3 Bc3 28. Nxd6 exd6 29. Bxd6 Rb7 30. Rxb7 Bxb7 31. Bxf8 Qxf8 32. Bb5 Nc5 33. Bc4 Qe7 34. f3 Bc8 35. Rd1 Qd6 36. f4 f6 37. Rf1 Kg7 38. Rf2 Bd7 39. Re2 g5 40. fxg5 Qe5 41. gxf6+ Kxf6 42. Rf2+ Kg6 43. Qxc5 Bd4 44. Qf8 Qxe4 45. Kh2 Qe3 46. Qf7+ 1-0

[Event "Milan Crespi op-A 34th"]
[Site "Milan"]
[Date "2013.12.02"]
[Round "3"]
[White "Gagliardi, Christian"]
[Black "Pelizzola, Danilo"]
[Result "1-0"]
[WhiteElo "2216"]
[BlackElo "2117"]
[PlyCount "101"]
[EventDate "2013.11.30"]
[EventType "swiss"]
[EventRounds "9"]
[EventCountry "ITA"]
[SourceTitle "CBM 157 Extra"]
[Source "ChessBase"]
[SourceDate "2013.12.19"]
[SourceVersion "1"]
[SourceVersionDate "2013.12.19"]
[SourceQuality "1"]

1. e4 e5 2. Nf3 Nc6 3. Bc4 Bc5 4. c3 Nf6 5. d3 d6 6. Bb3 Qe7 7. h3 Be6 8. Nbd2 0-0 9. Nf1 d5 10. Qe2 Rae8 11. Ng3 Kh8 12. Bg5 Qd7 13. Bxf6 gxf6 14. Nh4 d4 15. c4 Bb4+ 16. Kf1 Rg8 17. Ba4 Rg5 18. a3 Be7 19. Ngf5 Reg8 20. g4 Bd8 21. Nf3 R5g6 22. Nd2 Be7 23. f3 Bf8 24. Nb3 Qc8 25. Bxc6 bxc6 26. Qd2 Qb7 27. Na5 Qa6 28. b4 Bxf5 29. exf5 Bh6 30. Qe2 R6g7 31. Qe4 c5 32. Qc6 Qb6 33. Rb1 Rb8 34. Ke2 cxb4 35. Rxb4 Qxa5 36. Rxb8+ Rg8 37. Qxf6+ Bg7 38. Rxg8+ Kxg8 39. Qd8+ Bf8 40. Qg5+ Kh8 41. Rb1 Qxa3 42. Rb8 e4 43. fxe4 Qd6 44. Kf3 f6 45. Qh6 Kg8 46. g5 c6 47. Rxf8+ Qxf8 48. Qxf8+ Kxf8 49. gxf6 Kf7 50. e5 c5 51. Ke4 1-0

[Event "Bergamo op 12th"]
[Site "Bergamo"]
[Date "2013.07.21"]
[Round "6"]
[White "Migliorini, Matteo"]
[Black "Gagliardi, Christian"]
[Result "1/2-1/2"]
[WhiteElo "2006"]
[BlackElo "2215"]
[PlyCount "36"]
[EventDate "2013.07.19"]
[EventType "swiss"]
[EventRounds "6"]
[EventCountry "ITA"]
[SourceTitle "CBM 155 Extra"]
[Source "ChessBase"]
[SourceDate "2013.08.26"]
[SourceVersion "1"]
[SourceVersionDate "2013.08.26"]
[SourceQuality "1"]

1. e4 c5 2. Nf3 e6 3. c3 d5 4. exd5 Qxd5 5. d4 Nf6 6. Be3 cxd4 7. cxd4 Nc6 8. Nc3 Qd6 9. a3 Be7 10. Bd3 0-0 11. 0-0 a6 12. Qe2 b5 13. Rad1 Bb7 14. Ng5 h6 15. Nge4 Nxe4 16. Nxe4 Qd5 17. Nc3 Qd6 18. Ne4 Qd5 1/2-1/2

[Event "Bergamo op 12th"]
[Site "Bergamo"]
[Date "2013.07.20"]
[Round "3"]
[White "Gagliardi, Christian"]
[Black "Bellavita, Guido"]
[Result "1-0"]
[WhiteElo "2215"]
[BlackElo "2031"]
[PlyCount "77"]
[EventDate "2013.07.19"]
[EventType "swiss"]
[EventRounds "6"]
[EventCountry "ITA"]
[SourceTitle "EXT 2024"]
[Source "ChessBase"]
[SourceDate "2023.10.10"]
[SourceVersion "1"]
[SourceVersionDate "2023.10.10"]
[SourceQuality "1"]

1. d4 e6 2. Nf3 f5 3. Bf4 Nf6 4. e3 b6 5. h3 Bb7 6. Nbd2 Be7 7. Bc4 a5 8. a4 0-0 9. Qe2 d5 10. Bd3 Bd6 11. Ne5 Nc6 12. Nxc6 Bxc6 13. c3 Qd7 14. b3 Ne4 15. Bxe4 fxe4 16. Bxd6 cxd6 17. 0-0 Rf6 18. f3 Rg6 19. fxe4 dxe4 20. c4 Qe7 21. Rac1 Qh4 22. Qf2 Qxf2+ 23. Rxf2 Rf6 24. Rxf6 gxf6 25. Kf2 Kf7 26. Nf1 Rg8 27. Ng3 f5 28. d5 Bd7 29. dxe6+ Kxe6 30. Ne2 Ke5 31. Rd1 Be6 32. Nf4 Rc8 33. Kg3 Rc5 34. Nxe6 Kxe6 35. Kf4 Re5 36. g3 Rc5 37. Rd4 h6 38. g4 Re5 39. g5 1-0

[Event "Bergamo op 12th"]
[Site "Bergamo"]
[Date "2013.07.20"]
[Round "4"]
[White "Granaldi, Alessandro"]
[Black "Gagliardi, Christian"]
[Result "0-1"]
[WhiteElo "2114"]
[BlackElo "2215"]
[PlyCount "101"]
[EventDate "2013.07.19"]
[EventType "swiss"]
[EventRounds "6"]
[EventCountry "ITA"]
[SourceTitle "CBM 155 Extra"]
[Source "ChessBase"]
[SourceDate "2013.08.26"]
[SourceVersion "1"]
[SourceVersionDate "2013.08.26"]
[SourceQuality "1"]

1. d4 g6 2. e4 Bg7 3. Nc3 d6 4. g3 c6 5. Bg2 Nd7 6. a4 Qc7 7. Nge2 e5 8. Be3 Ngf6 9. h3 0-0 10. 0-0 Re8 11. g4 h5 12. g5 Nh7 13. f4 exf4 14. Bxf4 a6 15. Qe1 Ndf8 16. Qg3 Qb6 17. a5 Bxd4+ 18. Kh1 Qa7 19. Bxd6 Bc5 20. Be5 Be3 21. Na4 h4 22. Qh2 Nxg5 23. Ra3 Nfh7 24. Bc7 Be6 25. Nb6 Bc5 26. Raa1 Rad8 27. Qf4 Be7 28. Rad1 Rxd1 29. Rxd1 Nxh3 30. Bxh3 Bxh3 31. c3 Ng5 32. Qxh4 Ne6 33. Qxh3 Nxc7 34. Rd7 Ne6 35. Qg3 Bc5 36. Qf3 Rf8 37. Na4 Qb8 38. b4 Bd6 39. Nb6 Bc7 40. Nd4 Ng5 41. Qg4 Bf4 42. Ne2 Ne6 43. Nxf4 Nxf4 44. Qg5 Kg7 45. Qg4 Qe5 46. Rd4 Rh8+ 47. Kg1 Ne6 48. Rd2 Qxc3 49. Rf2 Qe1+ 50. Rf1 Qe3+ 51. Kg2 0-1

[Event "Bergamo op 12th"]
[Site "Bergamo"]
[Date "2013.07.19"]
[Round "2"]
[White "Georgiev, Kiril"]
[Black "Gagliardi, Christian"]
[Result "1-0"]
[WhiteElo "2636"]
[BlackElo "2215"]
[PlyCount "77"]
[EventDate "2013.07.19"]
[EventType "swiss"]
[EventRounds "6"]
[EventCountry "ITA"]
[SourceTitle "CBM 155 Extra"]
[Source "ChessBase"]
[SourceDate "2013.08.26"]
[SourceVersion "1"]
[SourceVersionDate "2013.08.26"]
[SourceQuality "1"]

1. d4 Nf6 2. Bg5 d5 3. Bxf6 exf6 4. e3 c6 5. c4 dxc4 6. Bxc4 Bb4+ 7. Nc3 0-0 8. Nf3 Qa5 9. Rc1 Nd7 10. 0-0 Nb6 11. Bb3 Bg4 12. h3 Bxf3 13. Qxf3 f5 14. a3 Bd6 15. d5 g6 16. e4 f4 17. dxc6 bxc6 18. Ne2 Rac8 19. Nd4 c5 20. e5 cxd4 21. exd6 Qe5 22. Rxc8 Nxc8 23. d7 Nb6 24. Qb7 Qd6 25. Rd1 Rd8 26. Qxa7 Rxd7 27. Qa5 Kg7 28. a4 Rd8 29. Rd3 Nc8 30. Qd2 Ne7 31. Rf3 g5 32. Bc2 Nc6 33. Qd3 Ne5 34. Qxh7+ Kf8 35. Rb3 Qf6 36. Qe4 Qd6 37. Rb5 Ng6 38. Bd3 f3 39. g3 1-0

[Event "Milan SSM op"]
[Site "Milan"]
[Date "2013.07.07"]
[Round "5"]
[White "Gagliardi, Christian"]
[Black "Bisignano, Giuseppe"]
[Result "1-0"]
[WhiteElo "2215"]
[BlackElo "1888"]
[PlyCount "93"]
[EventDate "2013.07.04"]
[EventType "swiss"]
[EventRounds "5"]
[EventCountry "ITA"]
[SourceTitle "EXT 2015"]
[Source "ChessBase"]
[SourceDate "2014.11.20"]
[SourceVersion "1"]
[SourceVersionDate "2014.11.20"]
[SourceQuality "1"]

1. d4 Nf6 2. Bf4 d6 3. e3 g6 4. Nf3 Bg7 5. Be2 0-0 6. 0-0 Nbd7 7. h3 c5 8. c3 cxd4 9. exd4 b6 10. Nbd2 Nd5 11. Bh2 Bb7 12. Re1 N7f6 13. a4 Nh5 14. Bf1 a6 15. Qb3 a5 16. Rad1 Rb8 17. Nc4 Bc6 18. Na3 Nhf4 19. c4 Nxh3+ 20. gxh3 Nb4 21. d5 Bd7 22. Bf4 Na6 23. Be3 Nc5 24. Bxc5 bxc5 25. Nb5 e6 26. Bg2 e5 27. Qc2 f5 28. b3 e4 29. Nd2 Be5 30. f3 Qg5 31. Kh1 e3 32. f4 Qxf4 33. Nf3 Bf6 34. Qe2 Rbe8 35. Rd3 Qg3 36. Nc7 f4 37. Ne6 Bxe6 38. dxe6 Rxe6 39. Rg1 Rfe8 40. Bf1 Qf2 41. Qxf2 exf2 42. Rg2 Re3 43. Rxf2 Rxd3 44. Bxd3 Re3 45. Bc2 Bh4 46. Nxh4 Rxh3+ 47. Rh2 1-0

[Event "Milan Palladino Memorial"]
[Site "Milan"]
[Date "2013.04.01"]
[Round "6"]
[White "Gagliardi, Christian"]
[Black "Vezzosi, Paolo"]
[Result "0-1"]
[WhiteElo "2206"]
[BlackElo "2290"]
[PlyCount "54"]
[EventDate "2013.03.28"]
[EventType "swiss"]
[EventRounds "7"]
[EventCountry "ITA"]
[SourceTitle "EXT 2014"]
[Source "ChessBase"]
[SourceDate "2013.11.20"]
[SourceVersion "1"]
[SourceVersionDate "2013.11.20"]
[SourceQuality "1"]

1. e4 e5 2. Nf3 Nc6 3. Bc4 Bc5 4. c3 Nf6 5. d3 d6 6. Bb3 0-0 7. h3 a6 8. Bg5 h6 9. Bh4 Be6 10. Nbd2 g5 11. Bg3 Nh5 12. Nf1 Qf6 13. Qd2 Bxb3 14. axb3 Qe6 15. b4 Bb6 16. N3h2 Nf4 17. Ne3 Bxe3 18. fxe3 Nh5 19. Bf2 d5 20. exd5 Qxd5 21. 0-0-0 e4 22. g4 Ng7 23. d4 b5 24. Qc2 a5 25. bxa5 Nxa5 26. b3 Nxb3+ 27. Kb2 Na5 0-1

[Event "Milan Palladino Memorial"]
[Site "Milan"]
[Date "2013.04.01"]
[Round "7"]
[White "Marchini, Daniele"]
[Black "Gagliardi, Christian"]
[Result "0-1"]
[WhiteElo "1873"]
[BlackElo "2206"]
[PlyCount "64"]
[EventDate "2013.03.28"]
[EventType "swiss"]
[EventRounds "7"]
[EventCountry "ITA"]
[SourceTitle "EXT 2014"]
[Source "ChessBase"]
[SourceDate "2013.11.20"]
[SourceVersion "1"]
[SourceVersionDate "2013.11.20"]
[SourceQuality "1"]

1. d4 g6 2. c4 Bg7 3. Nc3 c5 4. d5 Bxc3+ 5. bxc3 f5 6. Bg5 d6 7. f3 Qa5 8. Qc2 Nd7 9. e4 fxe4 10. fxe4 Ngf6 11. Bxf6 exf6 12. Nf3 Qd8 13. Bd3 Qe7 14. 0-0 Ne5 15. Nxe5 Qxe5 16. Rf3 0-0 17. Raf1 Kg7 18. Qd2 Bd7 19. Rg3 Rae8 20. Rf4 h6 21. Be2 g5 22. Bh5 Re7 23. Rff3 Qxe4 24. Re3 Qb1+ 25. Kf2 Re5 26. Rxe5 fxe5+ 27. Rf3 Qe4 28. Rxf8 Kxf8 29. Bf3 Qxc4 30. Qc2 Kg7 31. g3 g4 32. Be4 Bb5 0-1

[Event "Milan Palladino Memorial"]
[Site "Milan"]
[Date "2013.03.31"]
[Round "5"]
[White "Sardo, Gabriele"]
[Black "Gagliardi, Christian"]
[Result "1/2-1/2"]
[WhiteElo "2203"]
[BlackElo "2206"]
[PlyCount "85"]
[EventDate "2013.03.28"]
[EventType "swiss"]
[EventRounds "7"]
[EventCountry "ITA"]
[SourceTitle "EXT 2014"]
[Source "ChessBase"]
[SourceDate "2013.11.20"]
[SourceVersion "1"]
[SourceVersionDate "2013.11.20"]
[SourceQuality "1"]

1. d4 g6 2. c4 Bg7 3. e4 d6 4. Nc3 c6 5. Nf3 Bg4 6. Be2 Nd7 7. 0-0 Qc7 8. Be3 e5 9. d5 Bxf3 10. Bxf3 c5 11. Qd2 Ngf6 12. a3 0-0 13. b4 a6 14. Be2 Ne8 15. g4 Kh8 16. Kh1 Bf6 17. Rab1 Be7 18. Rg1 b6 19. Rb3 Ng7 20. Rgb1 Rab8 21. Na4 f5 22. f3 Bh4 23. Kg2 f4 24. Bg1 h5 25. h3 Rfc8 26. Nb2 Ne8 27. Nd3 Nef6 28. R1b2 Qd8 29. Qd1 Nh7 30. a4 Bg3 31. bxc5 bxc5 32. Rxb8 Rxb8 33. Qb1 Rxb2 34. Qxb2 Qc7 35. Be3 Kg8 36. Bd2 hxg4 37. hxg4 Ng5 38. a5 Nf8 39. Qb1 Qh7 40. Qh1 Qb7 41. Qd1 Qh7 42. Qh1 Qb7 43. Qd1 1/2-1/2

[Event "Bratto op-B 32nd"]
[Site "Bratto"]
[Date "2012.09.12"]
[Round "9"]
[White "Gagliardi, Christian"]
[Black "Sharma, Dinesh Kumar"]
[Result "0-1"]
[WhiteElo "2217"]
[BlackElo "2361"]
[PlyCount "92"]
[EventDate "2012.08.18"]
[EventType "swiss"]
[EventRounds "9"]
[EventCountry "ITA"]
[SourceTitle "EXT 2014"]
[Source "ChessBase"]
[SourceDate "2013.11.20"]
[SourceVersion "1"]
[SourceVersionDate "2013.11.20"]
[SourceQuality "1"]

1. d4 e6 2. Nf3 Nf6 3. Bf4 b6 4. e3 Bb7 5. Bd3 Be7 6. h3 c5 7. c3 0-0 8. Nbd2 cxd4 9. exd4 d6 10. 0-0 Nbd7 11. Re1 Re8 12. Bh2 Qc7 13. a4 a6 14. Rc1 Nf8 15. c4 Rec8 16. b4 Qd8 17. Nb3 N8d7 18. a5 Rab8 19. Qe2 Bf8 20. Rb1 e5 21. dxe5 Bxf3 22. Qxf3 Nxe5 23. Qe2 Nfd7 24. Rec1 Nxd3 25. Qxd3 Ne5 26. Qe2 Nc6 27. axb6 Qxb6 28. Bxd6 Bxd6 29. c5 Bxc5 30. bxc5 Qa7 31. Qc4 h6 32. Ra1 a5 33. Ra4 Qc7 34. Rca1 Rb4 35. Rxb4 axb4 36. Ra4 Rd8 37. Ra1 Qe5 38. Rb1 g6 39. Qc1 h5 40. Qc4 Kg7 41. Qc2 Rd5 42. Rc1 Rd8 43. Rb1 Qc3 44. Qa2 Rd3 45. Na5 Nd4 46. Qb2 Rd1+ 0-1

[Event "Bratto op-B 32nd"]
[Site "Bratto"]
[Date "2012.08.25"]
[Round "8"]
[White "Qendro, Llambi"]
[Black "Gagliardi, Christian"]
[Result "1/2-1/2"]
[WhiteElo "2328"]
[BlackElo "2217"]
[PlyCount "81"]
[EventDate "2012.08.18"]
[EventType "swiss"]
[EventRounds "9"]
[EventCountry "ITA"]
[SourceTitle "EXT 2014"]
[Source "ChessBase"]
[SourceDate "2013.11.20"]
[SourceVersion "1"]
[SourceVersionDate "2013.11.20"]
[SourceQuality "1"]

1. d4 Nf6 2. c4 e6 3. Nf3 d5 4. cxd5 exd5 5. Nc3 c6 6. Bg5 Be7 7. Qc2 Bg4 8. Ne5 Bh5 9. e3 Nbd7 10. Bf4 Nxe5 11. Bxe5 Bg6 12. Bd3 Bxd3 13. Qxd3 0-0 14. 0-0 Bd6 15. Bxd6 Qxd6 16. f3 Rad8 17. Rad1 Rfe8 18. Rfe1 Re7 19. Ne2 Qb4 20. Qc3 Qb6 21. Ng3 g6 22. h4 Rde8 23. Nf1 Qa6 24. a3 Qb6 25. a4 a6 26. Rb1 Ra8 27. Qc5 Qd8 28. Qc3 Ne8 29. Nd2 Nd6 30. e4 dxe4 31. fxe4 Qd7 32. Rbd1 f5 33. e5 Ne8 34. Nc4 Rd8 35. Nb6 Qe6 36. Qc4 Qxc4 37. Nxc4 Red7 38. Na5 Rxd4 39. Rxd4 Rxd4 40. Nxb7 Rxa4 41. Nd6 1/2-1/2

[Event "ITA-ch sf 72nd"]
[Site "Civitanova Marche"]
[Date "2012.07.17"]
[Round "4"]
[White "Gagliardi, Christian"]
[Black "Cocuzzi, Edoardo"]
[Result "1-0"]
[WhiteElo "2209"]
[BlackElo "1993"]
[PlyCount "111"]
[EventDate "2012.07.15"]
[EventType "swiss"]
[EventRounds "9"]
[EventCountry "ITA"]
[SourceTitle "EXT 2013"]
[Source "ChessBase"]
[SourceDate "2012.11.22"]
[SourceVersion "1"]
[SourceVersionDate "2012.11.22"]
[SourceQuality "1"]

1. d4 d5 2. Bf4 Nf6 3. e3 e6 4. Nf3 h6 5. Bd3 Nbd7 6. h3 Bd6 7. Ne5 0-0 8. Nd2 Qe7 9. Bg3 Bxe5 10. dxe5 Ne8 11. c3 f6 12. exf6 Qxf6 13. 0-0 c5 14. Qc2 c4 15. Be2 b6 16. e4 Bb7 17. exd5 exd5 18. Nf3 Nd6 19. Rad1 b5 20. Nd4 a6 21. a4 bxa4 22. Qxa4 Nc5 23. Qb4 Nde4 24. Bh2 a5 25. Qa3 Qb6 26. f3 Nf6 27. Rf2 Rfe8 28. Bf1 Nd3 29. Rfd2 Nc5 30. Kh1 Nb3 31. Nxb3 cxb3 32. Bg1 Qc7 33. Qxb3 Nh5 34. Bh2 Qc8 35. Rxd5 a4 36. Qc4 Qxc4 37. Bxc4 Bxd5 38. Bxd5+ Kh8 39. Bxa8 Rxa8 40. Be5 Ra5 41. Re1 Kg8 42. g4 Nf6 43. Bxf6 gxf6 44. Kg2 Rb5 45. Re2 Rb3 46. Rc2 Kf7 47. Kg3 Kg6 48. Kf4 a3 49. bxa3 Rxa3 50. c4 h5 51. gxh5+ Kxh5 52. c5 Kg6 53. c6 Ra4+ 54. Kg3 Ra8 55. c7 Rc8 56. Kf4 1-0

[Event "Bratto Amateur op"]
[Site "Bratto"]
[Date "2012.05.01"]
[Round "6"]
[White "Molina, Fabrizio"]
[Black "Gagliardi, Christian"]
[Result "1/2-1/2"]
[WhiteElo "2264"]
[BlackElo "2233"]
[PlyCount "22"]
[EventDate "2012.04.28"]
[EventType "swiss"]
[EventRounds "6"]
[EventCountry "ITA"]
[SourceTitle "EXT 2023"]
[Source "ChessBase"]
[SourceDate "2022.10.05"]
[SourceVersion "1"]
[SourceVersionDate "2022.10.05"]
[SourceQuality "1"]

1. Nf3 Nf6 2. c4 e6 3. g3 d5 4. Bg2 Be7 5. 0-0 0-0 6. b3 b6 7. Bb2 Bb7 8. Ne5 Nbd7 9. d4 Rc8 10. Nc3 c5 11. e3 cxd4 1/2-1/2

[Event "Bratto Amateur op"]
[Site "Bratto"]
[Date "2012.04.28"]
[Round "2"]
[White "Gagliardi, Christian"]
[Black "Stoppa, Omar"]
[Result "0-1"]
[WhiteElo "2233"]
[BlackElo "2278"]
[PlyCount "116"]
[EventDate "2012.04.28"]
[EventType "swiss"]
[EventRounds "6"]
[EventCountry "ITA"]
[SourceTitle "EXT 2023"]
[Source "ChessBase"]
[SourceDate "2022.10.05"]
[SourceVersion "1"]
[SourceVersionDate "2022.10.05"]
[SourceQuality "1"]

1. d4 Nf6 2. Nf3 c5 3. c3 g6 4. Bf4 Bg7 5. e3 0-0 6. Be2 d6 7. h3 b6 8. Nbd2 Bb7 9. 0-0 Nc6 10. Re1 Re8 11. dxc5 bxc5 12. e4 Nd7 13. Nc4 Na5 14. Qc2 Nxc4 15. Bxc4 Nb6 16. Be2 Qc7 17. Rad1 Bc6 18. Nd2 Rab8 19. Rb1 Qb7 20. Bf1 e5 21. Be3 Rf8 22. b4 cxb4 23. Rxb4 Qc7 24. Bxb6 Rxb6 25. Qb3 Rfb8 26. Rb1 Bh6 27. Rd1 Bxd2 28. Rxd2 Bxe4 29. Qc4 Qxc4 30. Rxc4 d5 31. Ra4 Rb2 32. Rxb2 Rxb2 33. f3 Bb1 34. Rxa7 Bxa2 35. Re7 Rc2 36. Rxe5 Rxc3 37. Kf2 Rc2+ 38. Ke3 Kg7 39. f4 h5 40. g3 Kf6 41. g4 h4 42. g5+ Kg7 43. f5 gxf5 44. Rxf5 Rc3+ 45. Kd4 Ra3 46. Rf6 Ra4+ 47. Ke3 d4+ 48. Kd2 Bb1 49. Rf4 Bg6 50. Rxh4 Kf8 51. Rh8+ Ke7 52. Re8+ Kd6 53. h4 Ra2+ 54. Ke1 Rh2 55. Rh8 Ke5 56. Be2 Kf4 57. Rd8 Ke3 58. Re8+ Be4 0-1

[Event "Milan Palladino Memorial"]
[Site "Milan"]
[Date "2012.04.05"]
[Round "1"]
[White "Guzzetti, Luigi Enrico"]
[Black "Gagliardi, Christian"]
[Result "1/2-1/2"]
[WhiteElo "1943"]
[BlackElo "2233"]
[PlyCount "158"]
[EventDate "2012.04.05"]
[EventType "swiss"]
[EventRounds "6"]
[EventCountry "ITA"]
[SourceTitle "EXT 2013"]
[Source "ChessBase"]
[SourceDate "2012.11.22"]
[SourceVersion "1"]
[SourceVersionDate "2012.11.22"]
[SourceQuality "1"]

1. e4 c5 2. Nf3 e6 3. d4 cxd4 4. Nxd4 Nc6 5. Be3 Nf6 6. Nc3 Qc7 7. Be2 a6 8. 0-0 Bb4 9. f3 0-0 10. Nb3 Be7 11. f4 d6 12. Bf3 Rb8 13. a4 b6 14. Qe2 Re8 15. Qf2 Bf8 16. e5 Nd7 17. exd6 Bxd6 18. Bxc6 Qxc6 19. Nd4 Qc7 20. Rad1 Bb4 21. Ne4 Bb7 22. Ng5 Nf6 23. h3 h6 24. Ngf3 Nd5 25. c3 Bd6 26. Ne5 Nxe3 27. Qxe3 Rbc8 28. Qg3 f6 29. Ng6 Qf7 30. Ne5 Qc7 31. Ng4 Kh8 32. Kh1 Bf8 33. Qh4 Qf7 34. f5 exf5 35. Rxf5 Rc5 36. Rdf1 Rxf5 37. Rxf5 Be4 38. Rf1 Qg6 39. Qf2 h5 40. Ne3 Bc5 41. b4 Bxd4 42. cxd4 Bc6 43. d5 Bxa4 44. d6 Bc6 45. Nf5 Bb5 46. Rd1 Re5 47. Ne7 Qe4 48. Qxb6 Rxe7 49. dxe7 Qxe7 50. Qd8+ Qxd8 51. Rxd8+ Kh7 52. Kg1 Kg6 53. Kf2 h4 54. Rd4 Kh5 55. Rd5+ g5 56. Ke3 Kg6 57. Kf2 Bc4 58. Rc5 Bb5 59. Ke3 Bf1 60. Kf3 Bb5 61. g3 hxg3 62. Kxg3 Be2 63. Rc2 Bd3 64. Rc3 Be2 65. Kf2 Bb5 66. Ke3 Bf1 67. Kf2 Bb5 68. Kg3 Be2 69. Rc6 Bb5 70. Rd6 Kf5 71. h4 gxh4+ 72. Kxh4 Ke5 73. Rd1 f5 74. Kg3 Be2 75. Rd8 f4+ 76. Kf2 Bb5 77. Rf8 Kd4 78. Rxf4+ Kc3 79. Ke3 Bc4 1/2-1/2